| 000 | 00552nam a22001937a 4500 | ||
|---|---|---|---|
| 003 | OSt | ||
| 005 | 20190924102717.0 | ||
| 008 | 190924b xxu||||| |||| 00| 0 ara d | ||
| 040 | _aLB-BrCRDP | ||
| 082 | _a956.95 M989s | ||
| 100 | _aسليمان موسى | ||
| 245 | _aصور من البطولة | ||
| 260 |
_aعمان _bالمطبعة الهاشمية _c1968 |
||
| 300 |
_aص220 _cسم24 |
||
| 630 | _a Soldiers -- Arab countries -- Biography. | ||
| 630 | _a Arab countries -- History -- 20th century. | ||
| 630 | _aSoldiers. | ||
| 942 |
_2ddc _cBK |
||
| 999 |
_c23302 _d23302 |
||